[Event "Tel Aviv GP weekend"]
[Site "Tel Aviv"]
[Date "2001.03.10"]
[Round "5"]
[White "Avrukh, Boris"]
[Black "Zilberman, Yaacov"]
[Result "1-0"]
[WhiteElo "2630"]
[BlackElo "2481"]
[Annotator "Avrukh,B"]
[PlyCount "93"]
[EventDate "2001.03.??"]
[EventType "swiss"]
[EventRounds "5"]
[EventCountry "ISR"]
[SourceTitle "CBM 081"]
[Source "ChessBase"]
[SourceDate "2001.03.20"]
[SourceVersion "1"]
[SourceVersionDate "2001.03.20"]
[SourceQuality "1"]

1. d4 Nf6 2. c4 e6 3. Nc3 Bb4 4. e3 b6 5. Nge2 Ne4 6. Bd2 Nxd2 7. Qxd2 Ba6 {
A rare move in this position,but it looks not so bad even according to the
theory.} 8. Nf4 $5 {[%mdl 8] This variation was a big surprise for me ,because
Yacov generally plays Queen qambit accepted,so it was clear,that he prepared
this line,that's why i decided not to play theoretical 8a3,but i was really
wondered ,that this logical move is a novelty.} (8. a3 Bxc3 (8... Be7 $143 9.
Nf4 (9. Ng3 Nc6 $6 (9... d5 $142 $5) 10. b4 Bb7 11. Bd3 O-O 12. O-O f5 13. f4
$16 {1-0 Zilberman,N-Bangiev,A/Cheliabinsk 1975/MCD (57)}) 9... Nc6 10. b4 Bb7
11. Be2 O-O 12. O-O a5 13. b5 Nb8 14. Nd3 c5 15. bxc6 dxc6 16. Bf3 $14 {
[%csl Gb6,Gc6] 1-0 Knaak,R-Plachetka,J/Trnava 1983/MCD (41)}) 9. Nxc3 (9. Qxc3
O-O 10. d5 (10. b4 d6 11. Nf4 Nd7 12. Be2 Bb7 13. O-O (13. d5 e5 14. Nd3 Qh4
15. O-O Nf6 16. f3 Nh5 17. Rad1 Rad8 18. c5 Bc8 19. Nf2 f5 $13 {0-1 Lutz,
C-Zsinka,L/Budapest 1989/CBM 14 (38)}) 13... Qg5 14. f3 e5 15. Nh3 exd4 16.
Qxd4 Qe5 $11 {1/2-1/2 Taimanov,M-Zsinka,L/Budapest 1982/MCD (19)}) (10. Nf4 d6
11. Be2 Bb7 12. O-O Nd7 13. Rfd1 e5 14. Nd5 c6 15. Nb4 Qe7 16. d5 c5 17. Nc6
Qe8 18. b4 Nf6 19. b5 a5 $13 {0-1 Hoi,C-Iskov,G/Hillerod 1980/MCD (52)}) 10...
exd5 11. cxd5 c5 12. dxc6 (12. Ng3 Bxf1 13. Rxf1 $5 {[%cal Gg3f5]}) 12... Nxc6
13. Nf4 Bxf1 14. Kxf1 Rc8 15. Rd1 {[%csl Gd5,Rd7]} Re8 16. h4 Re5 17. Qd2 {
1/2-1/2 Petrosian,T-Bisguier,A/Lone Pine 1978/MCL (17)}) 9... d5 10. b4 dxc4 (
10... Bxc4 11. Bxc4 dxc4 12. Qe2 $14) 11. b5 Bb7 12. e4 a6 13. Bxc4 O-O 14. O-O
axb5 15. Bxb5 Qe7 16. a4 Rd8 17. Qe3 Nc6 18. Rfd1 $14 {1-0 Huebner,R-De
Firmian,N/Manila 1990/CBM 19 (40)}) 8... d6 (8... d5 9. cxd5 Bxf1 10. Kxf1 (10.
Rxf1 Bxc3) 10... Bxc3 (10... exd5 $2 11. Nfxd5 $1 Qxd5 12. Nxd5 Bxd2 13. Nxc7+
Kd7 14. Nxa8 Nc6 {[%csl Ga8]} 15. d5 Ne5 16. a3 {[%csl Gd2]} b5 (16... Rxa8 17.
Ke2 Ba5 18. b4 $18) 17. Ke2 Ba5 18. b4 Bd8 19. Rac1 $18) 11. bxc3 exd5 12. c4
dxc4 13. Qc2 O-O 14. Qxc4 $14) (8... O-O 9. Be2 d5 10. cxd5 (10. a3 $140 Bd6
11. cxd5 Bxf4) 10... Bxe2 11. Kxe2 Bxc3 12. Qxc3 exd5 13. b4 $14) 9. Be2 {
[%cal Ge2f3]} Nd7 10. Bf3 (10. Nd3 $5) 10... Rb8 (10... Bxc4 $2 11. Bxa8 Qxa8
12. a3 Bxc3 13. Qxc3 $16 {[%csl Gc7]}) (10... Rc8 $142 11. Nd3 Bxc3 12. Qxc3 {
[%cal Gd3b4]} c6 $1 {[%cal Gd6d5]} 13. O-O (13. Nb4 Bb7 14. c5 (14. d5 $140 $2
cxd5 15. Qxg7 Qf6 $1) 14... d5) 13... O-O 14. Rfc1 d5 15. b3 $11) 11. Nd3 $1
Bxc3 (11... c5 $2 12. Nxb4 cxb4 13. Nb5 $18 {[%csl Rb4]}) 12. Qxc3 {[%cal
Gd3b4]} Bb7 13. Bxb7 Rxb7 14. b4 $1 $14 O-O $2 (14... c5 $2 15. dxc5 {[%csl
Gg7]}) (14... c6 $142 $14) 15. b5 {[%csl Gc6]} a5 {[%csl Gb4]} 16. a4 Qa8 (
16... Qe7) 17. c5 $1 (17. O-O Rbb8 18. c5 dxc5 19. dxc5 c6 $1 $11) 17... Rbb8
18. c6 $16 Nf6 19. Qb2 $1 (19. f3 $143 Nd5 20. Qd2 f5 $14) (19. Qb3 $5) (19.
O-O $143 Nd5 20. Qb3 f5 21. Rae1 Rbe8 22. e4 fxe4 23. Rxe4 Qd8 $11) 19... Rfe8
(19... d5 20. Ne5 $16) (19... Nd5 20. e4 $16) 20. f3 Re7 21. e4 Rbe8 22. O-O-O
Qc8 23. Qc3 $1 Rf8 (23... e5 $140 24. dxe5 dxe5 25. Nb2 $16 {[%cal Gb2c4]}) 24.
g4 Rfe8 25. Rd2 e5 26. dxe5 dxe5 27. Nb2 $1 {[%cal Gb2c4]} Qe6 28. Nc4 h6 29.
Rhd1 $18 g6 30. Kb2 Kg7 31. h4 Kg8 32. Ne3 Rc8 $6 (32... Rb8 33. g5 (33. Rd3 $5
{[%cal Gc3d2,Gg4g5]}) 33... hxg5 34. hxg5 Nh7 35. Nd5 Nxg5 36. Nxe7+ Qxe7 37.
Rd7 $18) 33. Nf5 $1 gxf5 34. exf5 Nd5 35. fxe6 $1 {Rook ending is easily
winning for white,because black cannot to protect c7-pawn.} (35. Rxd5 Qf6 $16)
35... Nxc3 36. Rd8+ Kg7 37. Kxc3 {[%csl Gc7]} Rxd8 38. Rxd8 Rxe6 (38... fxe6
39. Rd7 Kf7 40. Rxe7+ Kxe7 41. Kd3 $18) 39. Rd7 Rf6 40. Rxc7 Rxf3+ 41. Kd2 Rf4
42. Rb7 Rxa4 43. Rxb6 Rc4 44. Rb7 $1 {It's clear,that black hopeless against
two pawns and rook.} a4 45. c7 a3 46. b6 a2 47. Ra7 1-0

[Event "Porz Citroen-Cup"]
[Site "Cologne"]
[Date "1993.??.??"]
[Round "7"]
[White "Schoen, Wolfram"]
[Black "Kengis, Edvins"]
[Result "1-0"]
[WhiteElo "2375"]
[BlackElo "2560"]
[Annotator "Bulletin"]
[PlyCount "69"]
[EventDate "1993.??.??"]
[EventType "tourn"]
[EventRounds "9"]
[EventCountry "GER"]
[EventCategory "9"]
[SourceTitle "EXT 1999"]
[Source "ChessBase"]
[SourceDate "1998.11.16"]
[SourceVersion "1"]
[SourceVersionDate "1998.11.16"]
[SourceQuality "1"]

1. d4 e6 2. c4 b6 3. Nc3 Bb4 4. e3 Bb7 5. Nge2 Nf6 6. a3 Be7 7. d5 O-O 8. e4
Re8 9. g3 {[#]} b5 10. cxb5 Nxe4 11. Bg2 (11. Nxe4 exd5 12. Nd2 (12. N4c3 d4)
12... d4 13. f3 d3 14. Nc3 Bc5+ 15. Nde4 d5 16. Bxd3 dxe4 17. Nxe4 Nd7 18. Qb3
Ne5 $17) 11... Nxc3 12. bxc3 Bxd5 13. Bxd5 exd5 14. Qxd5 c6 15. bxc6 dxc6 16.
Qxd8 Bxd8 17. Ra2 Nd7 18. O-O Bb6 19. Bf4 Nf6 20. Nd4 Nd5 21. Bd2 Rac8 22. Re1
Red8 23. Nf5 g6 24. Nh6+ Kg7 25. Ng4 h5 26. Ne5 f6 27. Nc4 Bc5 28. Na5 Bf8 29.
Re6 Rd6 30. Rxd6 Bxd6 31. c4 Ne7 32. Rb2 Rc7 33. a4 Kf7 34. Bc3 Bc5 35. Nb7 (
35. Nb7 Bb6 36. Nd6+ Ke6 37. Ne8 Rd7 38. Re2+ Kf7 39. Nxf6) 1-0

[Event "Interzonal-16"]
[Site "Biel"]
[Date "1993.??.??"]
[Round "5"]
[White "Speelman, Jonathan S"]
[Black "Kortschnoj, Viktor Lvovich"]
[Result "1/2-1/2"]
[WhiteElo "2605"]
[BlackElo "2625"]
[Annotator "ChessBase"]
[PlyCount "43"]
[EventDate "1993.07.16"]
[EventType "swiss"]
[EventRounds "13"]
[EventCountry "SUI"]
[SourceTitle "CBM 037"]
[Source "ChessBase"]
[SourceDate "1993.12.01"]
[SourceVersion "1"]
[SourceVersionDate "1993.12.01"]
[SourceQuality "1"]

1. d4 Nf6 2. c4 e6 3. Nc3 Bb4 4. e3 b6 5. Nge2 Ne4 6. Bd2 Nxd2 7. Qxd2 O-O 8.
a3 Be7 9. g3 $5 (9. Nf4) 9... d5 10. cxd5 exd5 11. Nf4 c6 12. b4 a6 13. Bg2 Bd6
14. O-O Bxf4 15. exf4 Nd7 16. a4 Nf6 17. b5 axb5 18. axb5 Bb7 19. bxc6 Bxc6 20.
Rab1 Re8 21. Rb4 Re7 22. Rfb1 1/2-1/2

[Event "EU-Cup 11th final"]
[Site "Ljubljana"]
[Date "1995.12.02"]
[Round "3"]
[White "Shcherbakov, Ruslan"]
[Black "Sokolov, Ivan"]
[Result "1/2-1/2"]
[WhiteElo "2520"]
[BlackElo "2630"]
[Annotator "Dautov,R"]
[PlyCount "71"]
[EventDate "1995.11.30"]
[EventType "team-k.o."]
[EventRounds "3"]
[EventCountry "SLO"]
[SourceTitle "EXT 2020"]
[Source "ChessBase"]
[SourceDate "2019.10.17"]
[SourceVersion "1"]
[SourceVersionDate "2019.10.17"]
[SourceQuality "1"]
[WhiteTeam "Chelyabinsk Poliot-Kadyr"]
[BlackTeam "Sarajevo Bosna"]
[WhiteTeamCountry "RUS"]
[BlackTeamCountry "BIH"]

1. d4 Nf6 2. c4 e6 3. Nc3 Bb4 4. e3 b6 5. Nge2 Ne4 6. Qc2 Bb7 7. Nf4 (7. f3
Nxc3 8. Nxc3 Qh4+ $10) (7. a3 Bxc3+ 8. Nxc3) 7... Bxc3+ (7... f5 8. Bd3 O-O 9.
O-O Nxc3 10. bxc3 Bd6 11. Rb1 c5 (11... Nc6 12. c5 $1 Bxf4 13. exf4 Qf6 14. Rd1
Ne7 15. c4 Bc6 16. Bb2 Qh6 17. g3 bxc5 $6 18. d5 $1 exd5 19. cxd5 Bxd5 20. Qxc5
Rf7 21. Qxc7 $16 {[%emt 0:00:46] Pein,M-De Firmian,N/Bermuda (04) ;CBM 1995})
12. e4 $1 fxe4 $2 (12... cxd4 $1 13. exf5 Qf6 $13 {Sherbakov}) 13. Bxe4 Bxf4
14. Bxb7 Bxh2+ 15. Kh1 $1 Qh4 16. Bg5 $1 Qxg5 17. Kxh2 Nc6 18. Bxa8 Rxa8 19.
Qe4 Rf8 20. g3 cxd4 21. cxd4 Qd2 22. Kg2 Qxd4 23. Qxd4 Nxd4 24. Rbd1 $16 {
Sherbakov-Kiselev herbakov-Kiselev/RUS-chT Elista; CBM 44/1994}) 8. bxc3 f5 9.
Bd3 Qh4 10. O-O g5 (10... O-O 11. f3 Nf6 12. e4 fxe4 13. fxe4 $16) 11. Ne2 g4
12. Ng3 Ng5 (12... Nxg3 13. fxg3 $1 Qh5 14. e4 fxe4 15. Bxe4 Nc6 16. d5 $16)
13. e4 f4 (13... fxe4 14. Bxg5 (14. Nxe4 $4 Bxe4 15. Bxe4 g3 16. Bg6+ hxg6 17.
Qxg6+ Nf7 $19) 14... Qxg5 (14... exd3 $4 15. Qd2 $18) 15. Bxe4 $16 (15. Nxe4
$16)) (13... Nxe4 14. Nxe4 fxe4 15. Bxe4 $16 g3 $2 16. Bg6+ hxg6 17. Qxg6+ Kd8
18. Bg5+ $18) 14. Bxf4 Nf3+ 15. gxf3 gxf3 16. Kh1 Qxf4 17. e5 $16 Qh4 (17...
Nc6 18. Nh5 Qh4 19. Nf6+ Ke7 20. Rg1 $16) 18. Ne4 Bxe4 19. Bxe4 Nc6 20. Rg1 Rf8
(20... O-O-O 21. Bxf3 Rdf8 22. Rg3 Rhg8 23. Rag1 Rxg3 24. Rxg3 $16) 21. Bxc6 $1
(21. Rg7 O-O-O 22. Rxh7 Qf4 23. Rg1 Rh8 24. Rg3 Rxh7 25. Bxh7 Rh8 26. h3 Na5
27. Qe4 Qxe4 28. Bxe4 Nxc4 29. Bxf3 $16) 21... dxc6 22. Qa4 O-O-O (22... Qe4 $2
23. Rae1 b5 24. Qa6 $18) 23. Qxc6 $18 Kb8 24. Rg7 (24. a4 $2 Rf5 25. Rg7 (25.
Rg3 $4 Rh5 26. h3 Qxh3+ $1 27. Rxh3 Rxh3+ 28. Kg1 Rg8+ 29. Kf1 Rh1#) 25... Rc8
26. Qxe6 Rh5 27. h3 Qxf2 28. a5 Qh4 $14) 24... Rc8 25. Rg3 (25. c5 Qxf2 26.
cxb6 axb6 27. Rb1 Rf7 $1 $13) 25... Qh6 26. Rag1 $2 (26. a4 $1 Rf4 (26... Qd2
27. a5 Qxc3 28. Rgg1 $18) 27. h3 Rh4 28. Kh2 Rf8 29. a5 $18) 26... Qd2 27. Rxf3
Rxf3 28. Qxf3 Qxa2 $16 29. c5 bxc5 30. c4 $2 (30. dxc5 Rd8 31. c4 $16 {/\Qe4} (
31. Qe4 Qd5 32. Qxd5 Rxd5 33. c6 a5 $10)) 30... cxd4 31. Qe4 Rd8 32. Rb1+ Kc8
33. Qb7+ Kd7 34. Qb5+ Kc8 $10 (34... Ke7 $2 35. Qc5+ Ke8 36. Qc6+ Kf8 37. Qf3+
Ke8 38. Rg1 $18) 35. Qb7+ Kd7 36. Qb5+ 1/2-1/2

[Event "Donner Memorial"]
[Site "Amsterdam"]
[Date "1996.08.28"]
[Round "10"]
[White "Salov, Valery"]
[Black "Timman, Jan H"]
[Result "0-1"]
[WhiteElo "2675"]
[BlackElo "2590"]
[Annotator "Dautov,R"]
[PlyCount "72"]
[EventDate "1996.08.17"]
[EventType "tourn"]
[EventRounds "11"]
[EventCountry "NED"]
[EventCategory "16"]
[SourceTitle "CBM 055"]
[Source "ChessBase"]
[SourceDate "1996.12.01"]
[SourceVersion "1"]
[SourceVersionDate "1996.12.01"]
[SourceQuality "1"]

1. d4 Nf6 2. c4 e6 3. Nc3 Bb4 4. e3 b6 5. Nge2 Ne4 6. Qc2 f5 (6... Bb7 7. Nf4 (
7. a3 Bxc3+ 8. Nxc3) 7... O-O 8. Bd3 f5 9. O-O Nxc3 10. bxc3 Bd6 11. Rb1 Bxf4
12. exf4 Rf6 13. Be3 Rh6 14. f3 Nc6 15. c5 Qh4 16. g3 Qh5 $15 {Sokolov,
I-Kortschnoi/New York CITS/1996}) 7. Nf4 $6 {N} (7. a3 {>=} Bxc3+ 8. Nxc3 Bb7
9. d5 (9. b3)) 7... c5 8. Bd3 cxd4 9. exd4 Nxc3 10. bxc3 Bd6 11. Qe2 $6 (11.
O-O Qc7 12. g3 O-O 13. Be3 Nc6 $15 {/^a8-h1,><c4}) 11... O-O 12. h4 Bb7 13. Kf1
Qf6 14. Rh3 Nc6 15. Rb1 Ba6 $15 16. Nh5 $6 (16. Kg1 Rac8 (16... Rae8 $15) 17.
Be3 Qf7 $15 {/\e5} (17... Na5 18. c5 Bxd3 19. Qxd3 $132)) 16... Qf7 17. Bf4 Be7
$1 {פh5} 18. Rg3 g6 19. Bg5 (19. Bh6 Rfe8) 19... Bxg5 20. Rxg5 Rae8 $17 {/\e5}
21. Qd2 (21. f4 Kh8 22. Ng3 h6 $19) 21... e5 22. Ng3 (22. d5 Na5 23. Rb4 h6 24.
Rg3 Kh7 $19) 22... Bxc4 23. Bxc4 Qxc4+ 24. Kg1 exd4 $19 25. Nxf5 Rxf5 26. Rxf5
gxf5 27. Qg5+ Kf8 28. Qh6+ (28. Qf6+ Qf7 29. Qh8+ Ke7 30. Re1+ Kd8 $19) 28...
Ke7 29. cxd4 Kd8 30. Rd1 Qe2 31. Rd2 Qe6 32. Qf4 Qd5 33. f3 Kc8 34. Kf2 Kb7 35.
h5 Nb4 36. a3 Qe6 0-1

[Event "Madrid"]
[Site "Madrid"]
[Date "1994.??.??"]
[Round "8"]
[White "Bareev, Evgeny"]
[Black "Sokolov, Ivan"]
[Result "0-1"]
[WhiteElo "2685"]
[BlackElo "2650"]
[Annotator "Dautov,R"]
[PlyCount "122"]
[EventDate "1994.05.??"]
[EventType "tourn"]
[EventRounds "9"]
[EventCountry "ESP"]
[EventCategory "15"]
[SourceTitle "CBM 041"]
[Source "ChessBase"]
[SourceDate "1994.08.01"]
[SourceVersion "1"]
[SourceVersionDate "1994.08.01"]
[SourceQuality "1"]

1. d4 {Horvath,T} Nf6 2. c4 e6 3. Nc3 Bb4 4. e3 b6 5. Nge2 Ne4 6. Bd2 (6. Qc2 {
Horvath,T} Bb7 7. a3 (7. Ng3 $6 Qh4 $1 8. Bd3 f5 9. O-O Bxc3 10. bxc3 O-O 11.
Ne2 $2 Rf6 12. Bxe4 $2 Bxe4 13. Qd1 Bf3 $1 {Bareev-Zsinka/Naestved/1988} 14.
gxf3 Rh6 15. Re1 Qxh2+ 16. Kf1 Qh3+ 17. Kg1 Qh1#) 7... Bxc3+ 8. Nxc3 Nxc3 9.
Qxc3 O-O 10. b3 d6 11. Bb2 $14) 6... Nxd2 7. Qxd2 Bb7 (7... Ba6 {Horvath,T} 8.
a3 Bxc3 9. Nxc3 $14) 8. d5 {N} (8. a3 Be7 (8... Bxc3 {Horvath,T} 9. Nxc3 O-O
10. Bd3 Bxg2 11. Rg1 Bf3 12. e4 $40) 9. Nf4 (9. e4) 9... Bg5 10. Bd3 O-O 11.
O-O Bxf4 12. exf4 d5 13. c5 bxc5 14. dxc5 d4 15. Ne4 f5 16. Ng5 Qd5 17. Nf3
Qxc5 18. Rfe1 Bxf3 19. gxf3 $36 {Rodriguez,Or-Sokolov,I/Barcelona/1992}) (8. a3
Be7 9. d5 O-O 10. g3 exd5 11. Bg2 c6 12. cxd5 c5 13. O-O d6 14. b4 Nd7 15. Rab1
Ba6 16. Rfc1 Re8 17. Nf4 Ne5 18. Qd1 $14 {Gurevich,D-de Firmian/USA-ch/1986})
8... Na6 9. g3 (9. a3 $5 Bxc3 10. Nxc3 Nc5 11. Rb1 d6 12. b4 Nd7 13. Be2 {()})
9... Nc5 10. Bg2 Ba6 $5 11. Rd1 $1 (11. a3 $4 Nb3) (11. dxe6 dxe6 12. Bc6+ Ke7
13. Bxa8 Nd3+ 14. Kf1 Qxa8 15. e4 Bxc4 16. Qg5+ Kf8 $44) (11. Qd4 O-O 12. O-O
e5 $1 13. Qxe5 Bxc4 $15) (11. b3 {Horvath,T} b5 $1) 11... Bxc4 12. Qd4 Bxe2 13.
Kxe2 (13. Qxg7 $2 Bxd1 14. Qxh8+ Ke7 15. Qxd8+ Rxd8 16. Kxd1 Nd3 17. Ke2 Nxb2
18. Nb5 c6 19. dxc6 dxc6 20. Bxc6 Rd2+ 21. Kf3 Nd3 $15) 13... Bxc3 14. Qxc3 O-O
15. b4 $1 (15. dxe6 fxe6 16. Bxa8 $2 Qxa8 $17) 15... Na4 16. Qc2 b5 17. dxe6
fxe6 18. Bxa8 Qxa8 19. e4 $8 d5 $1 (19... Nb6 20. Rhe1 $14 {/\Kf1}) (19... Rf7
$5 {Horvath,T /\Qb7;Nb6;Nc4}) 20. Qxc7 (20. exd5 $6 exd5 21. Qxc7 Qe8+ 22. Kf1
Qe4 23. Rg1 Nb2 $40) (20. Rhe1 $2 dxe4 21. Kf1 e3 22. Rxe3 Qh1+ 23. Ke2 Rxf2+
24. Kxf2 Qxh2+ $19) 20... a5 $1 (20... dxe4 $2 21. Rd7 $19) (20... Rc8 21. Qd7
Nc3+ 22. Ke3 Nxd1+ 23. Rxd1 Rc3+ 24. Rd3 Rxd3+ 25. Kxd3 dxe4+ 26. Kd4 $16) 21.
bxa5 (21. exd5 axb4 $36 {/\Nc3}) (21. a3 axb4 22. axb4 Rc8 23. Qd7 Nc3+ 24. Ke3
Nxd1+ 25. Rxd1 Qa3+ 26. Ke2 Qa2+ 27. Ke1 (27. Rd2 Qc4+) 27... Rf8 $1 28. Qxe6+
Kh8 $10) 21... b4 22. Kf1 Nc3 23. Kg2 Qa6 $1 (23... dxe4 $2 24. Rd7 e3+ 25. Kh3
(25. Qb7 $2 Rxf2+ 26. Kh3 Qf8 $17) 25... Qe4 26. Rxg7+ Kh8 27. Rg4 $18 (27. Rf7
$1 {Horvath,T} Rg8 28. f3 $18)) 24. Qb6 (24. Rd2 $5 Nxe4 25. Rb2 Qd3 26. f4 Ng5
27. h4 Qe4+ 28. Kh2 Nf3+ 29. Kh3 Ng5+ 30. Kh2 Nf3+ $10) 24... Qxb6 (24... Qe2
$6 25. Qe3 $1 (25. Rde1 $2 Qf3+ 26. Kg1 Ne2+ 27. Rxe2 Qxe2 $40) 25... Qxe3 26.
fxe3 Nxd1 27. Rxd1 Ra8 (27... dxe4 28. Rd4 Ra8 29. Rxb4 Rxa5 30. a4 $16) 28.
exd5 Rxa5 29. d6 Rxa2+ 30. Kf3 Ra8 31. Ke4 Kf7 32. Rf1+ Ke8 33. Ke5 Ra3 34. e4
Re3 35. Ra1 $16) 25. axb6 Nxd1 26. Rxd1 Rb8 $10 27. Rb1 $5 (27. exd5 exd5 28.
Rxd5 Rxb6 {Horvath,T} 29. Rd3 Ra6 30. Rd2 Ra3 31. Rb2 $14) 27... Rxb6 28. Kf3
Kf7 29. Ke3 Ra6 30. Rb2 Ra4 31. Kd3 Kf6 (31... dxe4+ $2 32. Kc4 $16 {/\Kb3})
32. Kc2 Ra3 33. Kb1 $6 (33. exd5 exd5 34. Kb1 Ra4 (34... Rf3 $2 35. Rxb4 Rxf2
36. Rf4+ (36. Rb2 {Horvath,T} Rf1+ 37. Kc2 Ke5 $10) 36... Rxf4 37. gxf4 Ke6 38.
Kc2 Kd6 39. Kd3 Kc5 40. Kc3 $18) 35. Kc2 Ra3 $10) 33... dxe4 34. Rxb4 e3 35. f3
(35. fxe3 Rxe3 36. a4 e5 $10) (35. Re4 $1 {Horvath,T} exf2 36. Rf4+ $10) 35...
e5 36. Re4 h5 37. Kb2 Rd3 38. a4 g5 39. h3 $2 (39. a5 Kf5 40. a6 Rd6 41. Rxe3
Rxa6 42. Rb3 $10) (39. Kc2 Ra3 (39... Rd2+ {Horvath,T} 40. Kc3 Rxh2 41. Rxe3 h4
42. gxh4 gxh4 43. a5 Ra2 44. Kb4 h3 45. f4 $10) 40. Kb2 Rd3 41. Kc2 $10) 39...
e2 $15 40. a5 Rxf3 41. a6 Rd3 42. a7 Rd8 43. Rxe2 Ra8 44. Rf2+ Ke6 45. g4 Rxa7
$1 (45... hxg4 46. hxg4 Rxa7 47. Rf5 Rg7 48. Kc3 Kd5 49. Kd3 $10) 46. Rf5 (46.
gxh5 Rh7 $17) 46... Rg7 47. Kc3 h4 $1 48. Kd3 Ra7 49. Rxg5 Kd5 50. Rh5 $2 (50.
Rg8 $1 Ra3+ 51. Ke2 Rxh3 52. g5 Ke4 53. g6 Rg3 54. Rh8 $10) 50... Ra3+ 51. Ke2
Ke4 $1 (51... Rxh3 $2 52. g5 Ke4 53. g6 $10) 52. Rxh4 Ra2+ $19 53. Kd1 (53. Ke1
Ke3 54. Kf1 Kf3 55. Ke1 e4 56. Rh8 Ra1+ 57. Kd2 e3+ 58. Kd3 Rd1+ 59. Kc2 e2 $19
) 53... Kd3 54. Kc1 Rc2+ 55. Kb1 e4 56. Rh6 Rg2 57. Rd6+ Ke2 58. h4 e3 59. Rf6
Kd2 60. Rd6+ Ke1 61. Rf6 Rf2 (61... Rf2 62. Re6 e2 63. g5 Kf1 64. g6 e1=Q+ 65.
Rxe1+ Kxe1 66. h5 Rg2 $19) 0-1

[Event "Las Palmas"]
[Site "Las Palmas"]
[Date "1994.??.??"]
[Round "6"]
[White "Shirov, Alexei"]
[Black "Adams, Michael"]
[Result "1-0"]
[WhiteElo "2705"]
[BlackElo "2660"]
[Annotator "Dautov,R"]
[PlyCount "89"]
[EventDate "1994.05.??"]
[EventType "tourn"]
[EventRounds "9"]
[EventCountry "ESP"]
[EventCategory "17"]
[SourceTitle "CBM 042"]
[Source "ChessBase"]
[SourceDate "1994.10.01"]
[SourceVersion "1"]
[SourceVersionDate "1994.10.01"]
[SourceQuality "1"]

1. d4 Nf6 2. c4 e6 3. Nc3 Bb4 4. e3 b6 5. Nge2 Ne4 6. f3 (6. Bd2) (6. Qc2) 6...
Nxc3 7. bxc3 Be7 8. Ng3 (8. e4 Nc6 9. Ng3 Ba6 10. Bd3 Na5 11. Qe2 d6 12. O-O
Qd7 13. Rb1 h5 $1 14. Re1 h4 15. Nf1 c5 16. Be3 Rc8 17. Nd2 e5 18. f4 Bf6 $132
{Sokolov,I-Johansen/Manila ol/1992}) 8... Nc6 9. Bd3 Ba6 10. O-O Na5 11. Qe2 c6
(11... O-O 12. e4 $14) (11... h5 $5 12. f4 h4 13. Ne4 d5 14. cxd5 Bxd3 15. Qxd3
exd5 (15... Qxd5 16. Nd2 O-O-O 17. e4 Qh5 18. Nf3 $14) 16. Nd2 Qd7 17. f5 $36 {
/\e4}) (11... c5 12. d5 $14) (11... d5 $1 12. cxd5 Bxd3 13. Qxd3 Qxd5 (13...
exd5 $6 14. Nf5 O-O 15. e4 $16) 14. e4 Qc4 15. Qe3 O-O (15... O-O-O $5) 16. f4
c5 $132) 12. f4 $1 (12. e4 d5 13. cxd5 Bxd3 14. Qxd3 cxd5 15. e5 g6 16. f4 h5
$15) 12... d5 (12... g6 13. e4 d5 14. cxd5 Bxd3 15. Qxd3 cxd5 (15... exd5 16.
e5 $16) 16. f5 $1 dxe4 17. Qb5+ Qd7 18. Qxd7+ (18. Qe5 $5 O-O-O 19. fxe6 Qxe6
20. Qxe6+ fxe6 21. Rf7 Rd7 22. Nxe4 Nc4 23. Bh6 $16) 18... Kxd7 19. fxg6 f5 (
19... fxg6 20. Nxe4 Rhf8 21. Bh6 Rf5 22. g4 Rxf1+ 23. Rxf1 Ke8 24. Rf3 Rc8 25.
Bg5 $14 {/\Rh3})) 13. cxd5 Bxd3 14. Qxd3 exd5 (14... cxd5 15. f5 O-O 16. e4 $36
) 15. f5 h5 (15... O-O 16. e4 dxe4 17. Qxe4 Re8 18. Qg4 $40) 16. f6 $5 (16. e4
$5 h4 $1 (16... dxe4 17. Nxe4 Qd5 18. f6 gxf6 19. Ba3 f5 (19... c5 20. Nxf6+
Bxf6 21. Rxf6 O-O-O 22. Qa6+ Qb7 23. Qxb7+ Nxb7 24. dxc5 $16) 20. Rxf5 Qxf5 21.
Nd6+ Bxd6 22. Qxf5 Bxa3 23. Re1+ Kf8 24. Rf1 $18) 17. Ne2 {/\e5} dxe4 18. Qxe4
Qd5 (18... O-O 19. Qg4 $16) 19. Qg4 Bf6 20. Nf4 Qe4 21. Bd2 (21. Ba3 $6 Qe3+
22. Kh1 Qxc3 $17) 21... O-O-O 22. Rac1 (22. Rae1 Qc2 $13) 22... Qe7 23. Nh5 Nc4
$13) 16... Bxf6 17. e4 dxe4 (17... h4 $6 18. Nf5 g6 19. e5 gxf5 20. exf6 Qxf6
21. Rxf5 $40) 18. Nxe4 $44 Be7 19. Bf4 (19. Qg3 Qd5 (19... g6 20. Qe5 O-O 21.
Bh6 f6 22. Qe6+ Rf7 23. Ng5 $16) (19... Rg8 20. Bg5 $40) 20. Qxg7 O-O-O 21. Nf6
(21. Rxf7 $2 Rdg8 $17) 21... Bxf6 (21... Qc4 $5 22. Bd2 Qd3 23. Rad1 Nc4 24.
Qxf7 Nxd2 25. Qe6+ Kb8 26. Qxe7 Qxc3 $13) 22. Qxf6 Rhg8 23. Qf5+ Rd7 24. Qxd5
cxd5 25. Rf5 $14) 19... h4 $1 (19... O-O 20. Ng3 $1 h4 (20... g6 21. Bh6 Re8
22. Nxh5 $16) 21. Nh5 $1 g6 22. Be5 $1 gxh5 23. Rf5 Bg5 24. Re1 $1 Qe7 (24...
f6 25. Rxg5+ $1) (24... b5 25. Bc7 $1) 25. Bg3 Qd8 26. Bc7 Qxc7 27. Rxg5+ Kh8
28. Rxh5+ Kg7 29. Qh7+ Kf6 30. Rf5#) (19... Qd7 20. Be5 f6 21. Bxf6 gxf6 22.
Nxf6+ Bxf6 23. Qg6+ Kd8 24. Rxf6 Qe8 25. Rf7 $40) 20. Rae1 O-O 21. Nd2 Qd7 22.
Nf3 Rae8 23. Bg5 Bd8 (23... h3 $1 {>=} 24. Rxe7 Rxe7 25. Bxe7 Qxe7 26. gxh3 Re8
$10) 24. Bxh4 Bxh4 25. Nxh4 Rxe1 26. Rxe1 Re8 27. Rf1 Qg4 28. Nf5 Re6 29. h3
Qe2 30. Qg3 Rg6 31. Qf3 Qxf3 $2 (31... Qe8 $142 $10) 32. Ne7+ Kh7 33. Rxf3 $16
Re6 (33... Rf6 34. Rxf6 gxf6 35. Nc8 $18) 34. Rxf7 Nc4 35. d5 cxd5 36. Nxd5 a5
37. Rf4 Ne3 (37... b5 {>=} 38. Kf2 $16) 38. c4 Nxd5 39. cxd5 Rd6 40. Rd4 $18
Kg6 (40... b5 41. Kf2 Kg6 42. Ke3 Kf6 43. Ke4 $18) 41. a4 Kf5 42. Kf2 Ke5 43.
Ke3 Rxd5 44. Rxd5+ Kxd5 45. h4 (45. h4 Ke5 (45... Kc4 46. h5 b5 47. axb5 Kxb5
48. g4 a4 49. Kd2 Kc4 50. g5 $18) 46. Kd3 Kf4 47. Kc4 Kg3 48. Kb5 Kxg2 49. Kxb6
Kg3 50. h5 Kg4 51. Kxa5 Kxh5 52. Kb4 g5 53. a5 g4 54. a6 g3 55. a7 g2 56. a8=Q
g1=Q 57. Qh8+ $18) 1-0

[Event "Budapest Tungsram-04"]
[Site "Budapest"]
[Date "1978.08.??"]
[Round "?"]
[White "Fernandez Gonzalez, Juan Carlos"]
[Black "Kuzmin, Gennadi P"]
[Result "0-1"]
[WhiteElo "2420"]
[BlackElo "2535"]
[Annotator "Dolmatov,S"]
[PlyCount "89"]
[EventDate "1978.08.12"]
[EventType "tourn"]
[EventRounds "15"]
[EventCountry "HUN"]
[EventCategory "9"]
[SourceTitle "MCL"]
[Source "ChessBase"]
[SourceDate "1999.07.01"]
[SourceVersion "1"]
[SourceVersionDate "1999.07.01"]
[SourceQuality "1"]

1. d4 Nf6 2. c4 e6 3. Nc3 Bb4 4. e3 b6 5. Nge2 Ne4 6. Qc2 Bb7 7. a3 Nxc3 8.
Nxc3 Bxc3+ 9. Qxc3 O-O 10. b4 d5 (10... d6 11. Bb2 Nd7 $14 {Ivkov,B-Kortschnoj,
V/Amsterdam/1976/}) 11. Bb2 Nd7 (11... dxc4 $6 12. Bxc4 Bxg2 13. d5 f6 14. dxe6
$18) 12. Rc1 Rc8 13. c5 $14 c6 14. Bd3 Nb8 15. a4 (15. O-O $6 Ba6) 15... Qd7 (
15... Ba6 $2 16. b5 $16) 16. Qc2 f5 17. O-O b5 (17... Ba6 $6 18. b5 $1 cxb5 19.
Qe2 $16) 18. Ra1 Ba6 19. a5 Rce8 20. f3 Bc8 21. Bc3 Na6 22. Qb2 $6 (22. e4 $2
dxe4 23. fxe4 Nxb4 24. Bxb4 Qxd4+ $17) (22. Kh1 $5 $14 {/\e4}) 22... Qe7 23.
Rae1 Bd7 24. Re2 (24. e4 dxe4 25. fxe4 fxe4 26. Bxe4 Nc7 27. Qc2 $14) 24... Rf7
25. Be1 $1 e5 26. dxe5 Qxe5 27. Bc3 Qe7 28. f4 Qh4 29. Rf3 Re6 30. Rh3 Qe7 31.
Be5 (31. Bd4 $5 Nc7 32. Rf2 $16 {/\Rf2-f3-g3}) 31... Rf8 32. Rh5 $6 Rxe5 33.
fxe5 g6 34. Rh3 Re8 35. Rf3 Qxe5 36. Qxe5 Rxe5 37. Rb2 $10 g5 38. Rg3 $4 (38.
Rf1 Kg7 39. Kf2 $10) 38... g4 39. h3 h5 40. hxg4 hxg4 41. Bc2 Kg7 42. Kf2 Nc7
43. Rb1 Ne8 44. Rh1 Nf6 45. Bd3 {45...Ne4 46.Be4 de 47.Rd1 Rd5 -+} 0-1